| 000 | 00960cam a2200217 4500 | ||
|---|---|---|---|
| 001 | WB3711-13 | ||
| 008 | 000000n2001 000 0 eng u | ||
| 035 | _a(Sirsi) u111405 | ||
| 245 | _aE-tail threatens out-of-town shopping | ||
| 260 | _c2001 | ||
| 490 |
_aProperty Week _v66(10) 9 March 2001, 2(1) |
||
| 520 | _aResearch by Colliers CRE suggests that internet shopping will adversely affect out-of-town shopping centres which specialise in items like books, CDs, toys and domestic appliances. Such products are popular with online buyers, and take up 24% of out-of-town non-food floorspace in comparison with just 11% of high street non-food floorspace. | ||
| 590 | _aWB | ||
| 650 | _aOUT OF TOWN SHOPPING CENTRES | ||
| 650 | _aPROPERTY-COMMERCIAL PROPERTY-RETAIL PROPERTY-RETAIL PROPERTY MARKET | ||
| 650 | _aE-TAIL | ||
| 650 | _aINTERNET | ||
| 650 | _aONLINE SHOPPING | ||
| 690 | _aPROPERTY-COMMERCIAL PROPERTY-RETAIL PROPERTY | ||
| 942 | _n0 | ||
| 999 |
_c66375 _d66375 |
||